000 02616cam a2200409 4500500
005 20260111094643.0
041 _afre
042 _adc
100 1 0 _aGautier, Michel
_eauthor
245 0 0 _aUne si longue (re)construction
260 _c2012.
500 _a81
520 _aRésuméÀ travers l’exemple de la mise en valeur des biens de l’abbaye bénédictine de Saint-Vincent du Mans dans le nord-est de la Sarthe, sont examinées sur le long terme les modalités de la reconstruction entreprise après les guerres anglaises du bas Moyen Âge (« Guerre de Cent Ans ») et de la patiente constitution d’un ensemble d’exploitations de bonne taille pour cette région. Sont évaluées les conséquences des différentes politiques d’amodiation sur la structure agraire locale et sur les revenus que l’abbaye tire de ce terroir.
520 _aThe modes of rural reconstruction after the English Wars of the Late Middle Ages in France (“Hundred-Year War”), and of the farm expansions that took place thereafter, are analyzed using the practices recorded in acts of Saint Vincent’s Abbey in Le Mans, and developed on sites to the north-east of the province of Maine (Sarthe). The paper then assesses the effects of various leasing policies on the local agrarian structure and the rents of the abbey.
520 _aResumenBasándose en el ejemplo de las posesiones del monasterio benedictino de Saint Vincent de Le Mans sitas en pueblos del nordeste de la provincia del Maine (Oeste de Francia), se describen en la larga duración los efectos de la reconstrucción rural después de las guerras inglesas (“Guerra de cien años”) caracterizados por la paciente creación de explotación de un buen tamaño para esta región. Se estima los efectos de las diferentes políticas de arrendamiento en la estructura agraria de la comarca y en los ingresos del monasterio.
690 _abaux ruraux
690 _aBénédictins
690 _abordage
690 _aMaine
690 _amétairie
690 _aMoyen Âge
690 _astructure agraire
690 _a16th century
690 _a17th century
690 _a18th century
690 _aagrarian structure
690 _aBenedictines
690 _acopyholder
690 _acottage
690 _afarms
690 _aFrance
690 _aleases
690 _aMaine
690 _aMiddle Age
786 0 _nHistoire & Sociétés Rurales | 38 | 2 | 2012-12-01 | p. 51-84 | 1254-728X
856 4 1 _uhttps://shs.cairn.info/revue-histoire-et-societes-rurales-2012-2-page-51?lang=fr&redirect-ssocas=7080
999 _c1629007
_d1629007